University Home | Library Home | Institutional Repository

Up Parnassus : (Record no. 188037)

MARC details
000 -LEADER
fixed length control field 00419cam5a220014500 4500
001 - CONTROL NUMBER
control field lce00963432
008 - FIXED-LENGTH DATA ELEMENTS--GENERAL INFORMATION
fixed length control field 741025s1974 onca 000 0 eng d
020 ## - INTERNATIONAL STANDARD BOOK NUMBER
International Standard Book Number 0919594263
035 ## - SYSTEM CONTROL NUMBER
System control number (Sirsi) r26079
050 ## - LIBRARY OF CONGRESS CALL NUMBER
Classification number PN 6100 HEM 1974
100 ## - MAIN ENTRY--PERSONAL NAME
Personal name Hemsley, Stuart Davidson
245 ## - TITLE STATEMENT
Title Up Parnassus :
Remainder of title poems and illustrations /
Statement of responsibility, etc. by Stuart Hemsley.
260 ## - PUBLICATION, DISTRIBUTION, ETC.
Place of publication, distribution, etc. Ottawa :
Name of publisher, distributor, etc. Borealis Press,
Date of publication, distribution, etc. 1974.
500 ## - GENERAL NOTE
General note Poems.

No items available.

© 2026 - The University of Zambia Library - Koha v25.11